Länder mit dem niedrigsten BIP-Wachstum - Statistiken

Allgemein
  • Dieses Quiz wurde 7 mal gespielt
  • Das Durchschnittsergebnis liegt bei 6 aus 20
Antwortstatistiken
Bewertung Land % Korrekt
-0,2% Deutschland
83%
-1,7% Argentinien
50%
+0,1% Japan
50%
-1,5% Jemen
50%
-1,1% Myanmar
50%
-23,4% Sudan
50%
-27,6% Südsudan
50%
+0,3% Irak
33%
-7,5% Libanon
33%
-0,6% Libyen
33%
-0,5% Neuseeland
33%
-0,3% Estland
17%
-0,1% Finnland
17%
4,2% Haiti
17%
-0,8% Jamaika
17%
-2,8% Kuwait
17%
-0,4% Lettland
17%
-1,2% Österreich
17%
-3% Botswana
0%
-2,0% Ecuador
0%
Keine übereinstimmenden Quizze gefunden
Verteilung der Resultate
Anzahl Personen mit jedem Resultat
Perzentil nach korrekt beantworteten Fragen
Ihre Resultats-Entwicklung
Sie haben dieses Quiz noch nicht gespielt